Computational analysis of EM scattering: (Record no. 54202)
[ view plain ]
| 000 -LEADER | |
|---|---|
| fixed length control field | 00459nam a22001217a 4500 |
| 008 - FIXED-LENGTH DATA ELEMENTS--GENERAL INFORMATION | |
| fixed length control field | 230721b |||||||| |||| 00| 0 eng d |
| 040 ## - CATALOGING SOURCE | |
| Original cataloging agency | National Science Library |
| Transcribing agency | National Science Library |
| 100 1# - MAIN ENTRY--PERSONAL NAME | |
| Personal name | Sinha, Bharoti |
| 9 (RLIN) | 12791 |
| 245 ## - TITLE STATEMENT | |
| Title | Computational analysis of EM scattering: |
| Remainder of title | Half yearly progress report ending on 31st March, 1994 |
| 260 ## - PUBLICATION, DISTRIBUTION, ETC. | |
| Place of publication, distribution, etc. | Roorkee: |
| Name of publisher, distributor, etc. | Department of Electronics & Computer Engineering, |
| Date of publication, distribution, etc. | 1994 |
| 650 ## - SUBJECT ADDED ENTRY--TOPICAL TERM | |
| Topical term or geographic name entry element | Report |
| 942 ## - ADDED ENTRY ELEMENTS (KOHA) | |
| Source of classification or shelving scheme | Universal Decimal Classification |
| Koha item type | Reports |
| Withdrawn status | Lost status | Source of classification or shelving scheme | Damaged status | Not for loan | Home library | Current library | Shelving location | Date acquired | Total Checkouts | Full call number | Barcode | Date last seen | Price effective from | Koha item type |
|---|---|---|---|---|---|---|---|---|---|---|---|---|---|---|
| Universal Decimal Classification | National Science Library | National Science Library | GF/Rk-8/C-15/R-2 | 02/11/1994 | T 621.371.322 N4 | T346 | 21/07/2023 | 02/11/1994 | Reports |